[Event "Alassio West End op 2nd"]
[Site "Alassio"]
[Date "2016.10.02"]
[Round "5"]
[White "Joguet, Patrick"]
[Black "Petrini, Emanuela"]
[Result "0-1"]
[WhiteElo "1647"]
[BlackElo "1543"]
[PlyCount "76"]
[EventDate "2016.09.30"]
[EventType "swiss"]
[EventRounds "5"]
[EventCountry "ITA"]
[SourceTitle "EXT 2018"]
[Source "ChessBase"]
[SourceDate "2017.10.13"]
[SourceVersion "1"]
[SourceVersionDate "2017.10.13"]
[SourceQuality "1"]

1. d4 d5 2. c4 e6 3. Nf3 c5 4. cxd5 exd5 5. dxc5 Bxc5 6. e3 Nf6 7. Nc3 0-0 8. Be2 Re8 9. 0-0 Bf5 10. Qb3 Re7 11. Rd1 Be6 12. Ng5 Nc6 13. Nxe6 fxe6 14. e4 Qb6 15. Qxb6 Bxb6 16. Bg5 Rd8 17. exd5 exd5 18. Bxf6 gxf6 19. Bf3 d4 20. Ne4 Kg7 21. Ng3 Re5 22. Rac1 d3 23. Be4 d2 24. Rc2 Ba5 25. a3 Rd4 26. f3 Ne7 27. Ne2 Rd7 28. g4 f5 29. gxf5 Nxf5 30. Nc3 Bb6+ 31. Kh1 Be3 32. Ne2 Kf6 33. Rc4 Nd6 34. Ra4 Nxe4 35. fxe4 a6 36. Rc4 Rde7 37. Ng3 Bf4 38. Nh5+ Rxh5 0-1

[Event "Alassio West End op 2nd"]
[Site "Alassio"]
[Date "2016.10.02"]
[Round "4"]
[White "Petrini, Emanuela"]
[Black "Montani, Riccardo"]
[Result "1/2-1/2"]
[WhiteElo "1543"]
[BlackElo "1849"]
[PlyCount "93"]
[EventDate "2016.09.30"]
[EventType "swiss"]
[EventRounds "5"]
[EventCountry "ITA"]
[SourceTitle "EXT 2018"]
[Source "ChessBase"]
[SourceDate "2017.10.13"]
[SourceVersion "1"]
[SourceVersionDate "2017.10.13"]
[SourceQuality "1"]

1. e4 c5 2. Nf3 d6 3. c3 Nf6 4. d3 g6 5. g3 Bg7 6. Bg2 0-0 7. 0-0 Nc6 8. Re1 Bg4 9. h3 Bxf3 10. Qxf3 a6 11. Be3 Nd7 12. Qd1 Qc7 13. d4 cxd4 14. cxd4 Nb4 15. Nc3 e6 16. Rc1 Qd8 17. a3 Nc6 18. Qd3 Rc8 19. Red1 f5 20. f3 Ne7 21. Qd2 Nb6 22. b3 fxe4 23. fxe4 d5 24. Bg5 dxe4 25. Bxe7 Qxe7 26. Bxe4 Rcd8 27. Qe3 e5 28. dxe5 Rxd1+ 29. Rxd1 Qxe5 30. Nd5 Nxd5 31. Bxd5+ Kh8 32. Qxe5 Bxe5 33. Bxb7 Bxg3 34. Bxa6 Ra8 35. Bc4 Rxa3 36. Rb1 Be5 37. Be6 Ra1 38. Rxa1 Bxa1 39. b4 Bd4+ 40. Kg2 Kg7 41. Kf3 Kf6 42. Bd5 Kg5 43. Bg8 h6 44. Bf7 Kh4 45. Bxg6 Kxh3 46. Ke4 Ba7 47. Kf5 1/2-1/2

[Event "Nichelino op-C 14th"]
[Site "Nichelino"]
[Date "2013.10.05"]
[Round "3"]
[White "Buffa, Leone"]
[Black "Petrini, Emanuela"]
[Result "1-0"]
[WhiteElo "1479"]
[BlackElo "1374"]
[PlyCount "63"]
[EventDate "2013.10.04"]
[EventType "tourn"]
[EventRounds "5"]
[EventCountry "ITA"]
[SourceTitle "EXT 2024"]
[Source "ChessBase"]
[SourceDate "2023.10.10"]
[SourceVersion "1"]
[SourceVersionDate "2023.10.10"]
[SourceQuality "1"]

1. e4 e5 2. Nf3 Nc6 3. Bc4 Nf6 4. Ng5 d5 5. exd5 Nxd5 6. Bxd5 Qxd5 7. 0-0 Be7 8. Nc3 Qd8 9. Nf3 0-0 10. Re1 Bg4 11. h3 Bh5 12. d3 f6 13. Be3 b6 14. d4 exd4 15. Bxd4 Bxf3 16. gxf3 Qd7 17. Be3 Qxd1 18. Raxd1 Ne5 19. Kg2 Rad8 20. Nd5 Rd7 21. f4 c6 22. Nxe7+ Rxe7 23. fxe5 Rxe5 24. Rd7 Rf7 25. Red1 Ree7 26. Rd8+ Rf8 27. Rxf8+ Kxf8 28. Rd8+ Kf7 29. Kf3 g5 30. c4 Kg6 31. b4 Re5 32. Rd6 1-0

[Event "Nichelino op-C 14th"]
[Site "Nichelino"]
[Date "2013.10.04"]
[Round "1"]
[White "Allovio, Giacomo"]
[Black "Petrini, Emanuela"]
[Result "1-0"]
[WhiteElo "1371"]
[BlackElo "1374"]
[PlyCount "43"]
[EventDate "2013.10.04"]
[EventType "tourn"]
[EventRounds "5"]
[EventCountry "ITA"]
[SourceTitle "EXT 2024"]
[Source "ChessBase"]
[SourceDate "2023.10.10"]
[SourceVersion "1"]
[SourceVersionDate "2023.10.10"]
[SourceQuality "1"]

1. e4 e5 2. Nf3 Nc6 3. Bc4 Nf6 4. d3 d5 5. exd5 Nxd5 6. Bb5 Bd6 7. 0-0 0-0 8. Bxc6 bxc6 9. d4 Re8 10. dxe5 Bxe5 11. Nxe5 Rxe5 12. Bd2 Rb8 13. Nc3 Rxb2 14. Nxd5 cxd5 15. Bc3 Ba6 16. Bxb2 Be2 17. Qe1 Re4 18. f3 Bxf3 19. Qg3 g6 20. Qxf3 Qf8 21. Qf6 Re2 22. Qh8# 1-0